|
|
|
|
| LEADER |
006780000a22002170004500 |
| 020 |
|
|
|a 978-0-19-929054-3
|
| 082 |
|
|
|a 340.03 P81
|
| 100 |
|
|
|a Cane, Peter; Editor
|
| 100 |
|
|
|a Conaghan, Joanne; Editor
|
| 245 |
|
|
|a The new Oxford companion to law
|
| 250 |
|
|
|
| 260 |
|
|
|a New York, Oxford University Press
|e 2008
|
| 260 |
|
|
|c 2008
|
| 460 |
|
|
|a xxxiii,1306p
|
| 465 |
|
|
|a Rs.1,995.00
|
| 500 |
|
|
|a ed by Peter Cane and Joanne Conaghan
|
| 500 |
|
|
|a Includes index
|
| 650 |
|
|
|a Law-Dictionaries
|
| 942 |
|
|
|c BK
|
| 999 |
|
|
|c 43739
|d 43739
|
| 952 |
|
|
|0 0
|1 0
|4 0
|6 340_030000000000000_P81
|7 0
|8 REF
|9 44379
|a MGUL
|b MGUL
|d 2013-07-16
|e Rs.1,995.00
|l 0
|o 340.03 P81
|p 41672
|r 2013-07-16
|w 2013-07-16
|y REF
|